000 00635nam a2200181Ia 4500
999 _c40988
_d40988
003 GCL
005 20240530103608.0
008 140319s9999 xx 000 0 ara d
040 _aGCL /
_cGCL
082 0 4 _a910.01/
_bم ت
100 1 _aمنشل، روجر
245 1 0 _aتطور الجغرافيا الحديثة /
_cتاليف روجر منشل ؛ ترجمة محمد السيد غلاب، دولت احمد صادق
490 _aكتاب
_v0
650 0 4 _aالجغرافيا - فلسفة
700 0 _aمحمد السيد غلاب
_eمترجم
700 0 _aدولت احمد صادق
_eمترجم مشارك
942 _2ddc
_cBK